000 00906nam a2200277Ia 4500
003 OSt
005 20221005062154.0
006 a|||||r|||| 00| 0
007 ta
008 221004b |||||||| |||| 00| 0 eng d
020 _a9780415462310 (hbk)
_c6146.35
024 _a96621
037 _b04917, 09/02/2009, Atlantic Publisher & Dist. Pvt Ltd.
_cTextual
040 _aCRL
_cCRL
_beng
041 _2eng
_aeng
082 _aL:5.2'N5, P9
100 _aPati Biswamoy
245 0 _aSocial history of health and medicine in colonial India
260 _aLondon
_bRoutledge UK
_c2009
300 _axiii,241p.
_ccm.
490 _aRoutledge studies in South Asian history
650 _aMEDICINE
700 _a Harrison Mark
_918110
942 _hL:5.2'N5, P9
_cTEXL
_2cc
999 _c969292
_d969292